New York Rangers 2025-2026 Roster - Statistics

General Stats
  • This quiz has been taken 77 times
    74 since last reset
  • The average score is 13 of 22
Answer Stats
Jersey # Pos Player % Correct
93 C Mika Zibanejad
88%
13 LW Alexis Lafreniere
85%
10 LW Artemi Panarin
83%
31 G Igor Shesterkin
83%
8 C J.T. Miller
83%
23 D Adam Fox
78%
32 G Jonathan Quick
78%
73 C Matt Rempe
73%
16 C Vincent Trocheck
71%
4 D Braden Schneider
68%
39 C Sam Carrick
61%
50 LW Will Cuylle
61%
44 D Vladislav Gavrikov
54%
17 D Will Borgen
49%
84 C Adam Edstrom
46%
42 C Noah Laba
46%
24 D Carson Soucy
44%
14 RW Taylor Raddysh
41%
71 C Juuso Parssinen
39%
18 D Urho Vaakanainen
39%
29 D Matthew Robertson
29%
22 C Jonny Broszinski
0%
No matching quizzes found
Score Distribution
Percent of People with Each Score
Percentile by Number Answered
Your Score History
You have not taken this quiz since the last reset